| 000 | 01015nas a2200313 4500 | ||
|---|---|---|---|
| 001 | BR2012003161 | ||
| 003 | BR-BrBNA | ||
| 005 | 20231205120603.0 | ||
| 007 | ta | ||
| 008 | 230509b bl.|||p| |||| 00| 00por d | ||
| 040 |
_aBR-BrBNA _bpor _cBiblioteca Nacional de Agricultura |
||
| 041 | _a(Pt) | ||
| 072 | _aP33; F08; U10 | ||
| 100 | 1 | _aChioderoli, C.A. | |
| 100 | 1 | _aMello, L.M.M. de | |
| 100 | 1 | _aGrigolli, P.J. | |
| 100 | 1 | _aFurlani, C.E.A. | |
| 100 | 1 | _aSilva, J.O.R. | |
| 100 | 1 | _aCesarin, A.L. | |
| 245 | 1 | _aAtributos físicos do solo e produtividade de soja em sistema de consórcio milho e braquiária | |
| 650 | _aCOBERTURA DO SOLO | ||
| 650 | _aPALHADA | ||
| 650 | _aGLYCINE MAX | ||
| 650 | _aSEMEADURA | ||
| 773 | 0 |
_tRevista Brasileira de Engenharia Agrícola e Ambiental (Brazil) _xISSN 1807-1929 _g(Jan 2012), v.16(1) p. 37-43 _wBR2012003161 |
|
| 856 | 4 | 0 | _uhttp://www.agriambi.com.br/revista/v16n01/v16n01a05.pdf |
| 909 |
_a202311 _bLúcia _c55 _dLúcia Elande |
||
| 942 |
_2AGRIS _n0 _cANA |
||
| 999 |
_c219275 _d219275 |
||